| 000 | 00363pab a2200145 454500 | ||
|---|---|---|---|
| 008 | 180718b1999 xxu||||| |||| 00| 0 eng d | ||
| 100 | _aSiddharth, P.K. | ||
| 245 | _aCreating a criminal information management system for organised crime | ||
| 260 | _c1999 | ||
| 300 | _ap.24-26 | ||
| 362 | _aMay | ||
| 650 | _aCrime | ||
| 773 | _aCBI Bulletin | ||
| 909 | _a41971 | ||
| 999 |
_c41971 _d41971 |
||